All Time Leader in Double Doubles in Every NBA Team in the Playoffs - Statistics

General Stats
  • This quiz has been taken 46 times
    2 since last reset
  • The average score is 19 of 31
Answer Stats
Double Double Team Answer % Correct
136 Boston Celtics Bill Russell
100%
63 Atlanta Hawks Bob Pettit
100%
24 Los Angeles Clippers DeAndre Jordan
100%
75 Dallas Mavericks Dirk Nowitzki
100%
61 Golden State Warriors Draymond Green
100%
57 Milwaukee Bucks Giannis Antetokounmpo
100%
100 Houston Rockets Hakeem Olajuwon
100%
118 Utah Jazz Karl Malone
100%
81 Cleveland Cavaliers LeBron James
100%
157 Los Angeles Lakers Magic Johnson
100%
65 Denver Nuggets Nikola Jokić
100%
78 New York Knicks Patrick Ewing
100%
51 Chicago Bulls Scottie Pippen
100%
164 San Antonio Spurs Tim Duncan
100%
8 Charlotte Hornets Alonzo Mourning
50%
Chris Paul
50%
16 New Orleans Pelicans Chris Paul
50%
Portland Trail Blazers Clyde Drexler
50%
58 Philadelphia 76ers Dolph Schayes
50%
67 Washington Wizards Elvin Hayes
50%
44 Detroit Pistons Isiah Thomas
50%
37 Brooklyn Nets Jason Kidd
50%
39 Minnesota Timberwolves Kevin Garnett
50%
33 Miami Heat Bam Adebayo
0%
Indiana Pacers Dale Davis
0%
45 Orlando Magic Dwight Howard
0%
17 Toronto Raptors Jonas Valančiūnas
0%
47 Phoenix Suns Kevin Johnson
0%
Sacramento Kings Oscar Robertson
0%
Oklahoma City Thunder Shawn Kemp
0%
29 Memphis Grizzlies Zach Randolph
0%
No matching quizzes found
Score Distribution
Percent of People with Each Score
Percentile by Number Answered
Your Score History
You have not taken this quiz since the last reset